Optimal control applications in electric power systems /

Saved in:
Bibliographic Details
Main Author: Christensen, G. S. (Gustav S.)
Other Authors: El-Hawary, M. E., Soliman, S. A.
Format: Book
Language:English
Published: New York : Plenum Press, c1987.
Series:Mathematical concepts and methods in science and engineering ; 35
Subjects:
LEADER 01208cam a2200325 a 4500
001 c000231492
003 CARM
005 20070322171943.0
008 870318s1987 nyu b 001 0 eng
010 |a 87007712 
019 1 |a 5272450  |5 LACONCORD2021 
020 |a 0306425173 
035 |a (OCoLC)15487680  |5 LACONCORD2021 
040 |a LC  |b eng  |c LC  |d LC  |d ANL 
050 0 0 |a TK1005  |b .C47 1987 
050 1 4 |a TK1005  |b .C47 1987 
082 0 4 |a 621.319  |2 19 
082 0 4 |a 621.319 
100 1 |a Christensen, G. S.  |q (Gustav S.) 
245 1 0 |a Optimal control applications in electric power systems /  |c G.S. Christensen, M.E. El-Hawary, and S.A. Soliman. 
260 |a New York :  |b Plenum Press,  |c c1987. 
300 |a xi, 196 p. ;  |c 24 cm. 
440 0 |a Mathematical concepts and methods in science and engineering ;  |v 35 
504 |a Includes bibliographies and index. 
650 0 |a Electric power systems  |x Control. 
700 1 |a El-Hawary, M. E. 
700 |a Soliman, S. A. 
852 8 |b CARM  |h A1:AP08F0  |i B07313  |p 0319731  |f BK 
999 f f |i 3f63e916-cf62-5e87-a474-e737b8c63ec2  |s 93e7f2ad-3b0f-5780-be50-cef84ce6588a 
952 f f |p Can circulate  |a CAVAL  |b CAVAL  |c CAVAL  |d CARM 1 Store  |e B07313  |f A1:AP08F0  |h Other scheme  |i book  |m 0319731